000 00788cam a2200205 4500
001 ABS65394
008 020429n2002 000 0 eng u
035 _a(Sirsi) u117727
100 _aCane, M
245 _aTackling housing abandonment
260 _c2002
490 _aUrban Environment Today
_v 4 April 2002,6-7(2)
520 _aFeature on housing which highlights that homelessness and house prices are on an upward trend in the south-east, whilst large concentrations of homes are left vacant in the north caused by low demand. Looks at what housing agencies are doing to tackle issues epitomising north-south divide.
590 _aABS
650 _aHOMELESSNESS
650 _aSOCIAL HOUSING
650 _aHOUSE PRICES
690 _aAffordable housing
_96215
942 _n0
999 _c70103
_d70103